Kabale University Library Catalogue

Theories of personality / (Record no. 5924)

MARC details
000 -LEADER
fixed length control field 00629pam a2200205 a 4500
005 - DATE AND TIME OF LATEST TRANSACTION
control field 20260202110508.0
008 - FIXED-LENGTH DATA ELEMENTS--GENERAL INFORMATION
fixed length control field 881024s1989 caua b 001 0 eng
020 ## - INTERNATIONAL STANDARD BOOK NUMBER
International Standard Book Number 0534099963 :
020 ## - INTERNATIONAL STANDARD BOOK NUMBER
International Standard Book Number 9780534099961
040 ## - CATALOGING SOURCE
Original cataloging agency KABLIB
Transcribing agency KABLIB
Description conventions rda
082 00 - DEWEY DECIMAL CLASSIFICATION NUMBER
Classification number 155.2
Edition number 23
Item number RYC
100 1# - MAIN ENTRY--PERSONAL NAME
Personal name Ryckman, Richard M.
9 (RLIN) 14945
245 10 - TITLE STATEMENT
Title Theories of personality /
Statement of responsibility, etc. Richard M. Ryckman.
250 ## - EDITION STATEMENT
Edition statement 4th ed.
260 ## - PUBLICATION, DISTRIBUTION, ETC.
Place of publication, distribution, etc. Pacific Grove, Calif. :
Name of publisher, distributor, etc. Brooks/Cole Pub. Co.,
Date of publication, distribution, etc. c1989.
300 ## - PHYSICAL DESCRIPTION
Extent x, 550 p. :
Other physical details ill. ;
Dimensions 25 cm.
504 ## - BIBLIOGRAPHY, ETC. NOTE
Bibliography, etc. note Includes bibliographies, indexes.
650 #0 - SUBJECT ADDED ENTRY--TOPICAL TERM
Topical term or geographic name entry element Personality
Form subdivision Textbooks.
9 (RLIN) 14946
942 ## - ADDED ENTRY ELEMENTS (KOHA)
Source of classification or shelving scheme Dewey Decimal Classification
Koha item type Book
Holdings
Withdrawn status Lost status Source of classification or shelving scheme Damaged status Not for loan Home library Current library Shelving location Date acquired Source of acquisition Total Checkouts Full call number Barcode Date last seen Price effective from Koha item type
    Dewey Decimal Classification     Mukombe Library Mukombe Library Open Access Section 02.02.2026 Donation   155.2 RYC 14428 02.02.2026 02.02.2026 Book
    Dewey Decimal Classification     Mukombe Library Mukombe Library Open Access Section 02.02.2026 Donation   155.2 RYC 14429 02.02.2026 02.02.2026 Book

Kabale University Library | Kabale University P.O Box 317, Kabale, Uganda
Tel : +256754017033, +256774661503 E-mail : library@kab.ac.ug